Four Countries on Maps #4 - Statistics

General Stats
  • This quiz has been taken 3,187 times
    2,661 since last reset
  • The average score is 7 of 8
Answers on the Map
Answers color-coded by a green-red scale on the quiz's map according to % correct below.
 
Answer Stats
Country % Correct
Colombia
98%
Panama
98%
Nicaragua
94%
Costa Rica
93%
Mozambique
88%
Malawi
84%
Zambia
83%
Zimbabwe
83%
No matching quizzes found
Score Distribution
Percent of People with Each Score
Percentile by Number Answered
Your Score History
You have not taken this quiz since the last reset